MDQL
is popping MORE tags! Check the
thread
!
Quizzes
Events
Quiz Creation
Community
Videos
Private Events
Remove Ads
Sign In
Join for FREE
Feedback
Dark Mode
Quiz Categories
Sports
Geography
Music
Movies
Television
Just For Fun
Miscellaneous
History
Literature
Language
Science
Gaming
Entertainment
Religion
Holiday
For Kids
Quiz Lab
Recent
Popular Today
Quiz Kudos Today
Editor Picks
Curator Picks
Quizzes by...
Day
Popularity
Type
Ratings
Length
Year
Community
Subscriptions
Recent Discussions
Orange Saloon
Badges
Playlists
Quests
Create
Leaderboards
Showdown
Live 5
Trivia Bingo
Activity
Puzzle Library
Sporcle Events
Private Events
Virtual Trivia
Globe League
Become a Host
Pub Owners
SporcleCon
Opinionation
Our Games
Videos
Blog
Mobile Apps
Partnerships
Remove Ads and Go Orange
Feedback
Sports
Athletes
MLB
NBA
NHL
NFL
Soccer
Sports Teams
WWE
NCAA
Football
Premier League
Basketball
Baseball
Hockey
Golf
Tennis
Cricket
Rugby
Auto Racing
Olympics
World Cup
Sports
Athletes
MLB
NBA
NHL
NFL
Soccer
Sports Teams
WWE
NCAA
Football
Premier League
Basketball
Baseball
Hockey
Golf
Tennis
Cricket
Rugby
Auto Racing
Olympics
World Cup
Random Quiz
Search Sporcle
×
Quiz Lab
Quiz Lab
Sports
NHL
Type in answers that appear in a list
Type in answers that appear in a list
Classic
Best Score? Go Orange.
2009-2010 NHL Team Rankings Stats
Can you name the 2009-2010 NHL Team Rankings?
By
DeBak
8m
30 Questions
75 Plays
75 Plays
75 Plays
Comments
Comments
Give Quiz Kudos
Give Quiz Kudos
-
- Ratings
hide this ad
Forced Order
Answers have to be entered in order
Answers have to be entered in order
Replay
Link that replays current quiz
Next Quiz
Link to next quiz in quiz playlist
You Got
0%
They Got
Avg Score
82%
Avg Friend Score
Upgrade to see
Score Distribution
Jump to the score distribution portion of the page
Score
0/30
Timer
08:00
0
Plays Today
Record
Team Name
% Correct
51-
20-
11
San Jose Sharks
94.7%
52-
22-
8
Chicago Blackhawks
94.7%
49-
28-
5
Vancouver Canucks
94.7%
54-
15-
13
Washington Capitals
93.3%
50-
25-
7
Phoenix Coyotes
90.7%
47-
28-
7
Pittsburgh Penguins
88%
46-
27-
9
Los Angeles Kings
86.7%
48-
27-
7
New Jersey Devils
85.3%
39-
30-
13
Boston Bruins
85.3%
44-
24-
14
Detroit Red Wings
84%
45-
27-
10
Buffalo Sabres
84%
43-
30-
9
Colorado Avalanche
84%
47-
29-
6
Nashville Predators
82.7%
41-
35-
6
Philadelphia Flyers
82.7%
38-
33-
11
New York Rangers
82.7%
Record
Team Name
% Correct
40-
32-
10
Calgary Flames
81.3%
34-
36-
12
Tampa Bay Lightning
81.3%
34-
37-
11
New York Islanders
80%
39-
32-
11
Anaheim Ducks
78.7%
39-
33-
10
Montreal Canadiens
78.7%
37-
31-
14
Dallas Stars
78.7%
38-
36-
8
Minnesota Wild
78.7%
35-
37-
10
Carolina Hurricanes
78.7%
32-
37-
13
Florida Panthers
78.7%
27-
47-
8
Edmonton Oilers
78.7%
35-
34-
13
Atlanta Thrashers
76%
44-
32-
6
Ottawa Senators
74.7%
40-
32-
10
St. Louis Blues
74.7%
30-
38-
14
Toronto Maple Leafs
72%
32-
35-
15
Columbus Blue Jackets
69.3%
Quiz Playlist
Details
Report
Send in Message
Add To Playlist
Classic:
Type in answers that appear in a list
Forced Order:
Answers have to be entered in order
Last Updated: Feb 16, 2017
Quiz Scoreboard
CHALLENGE
Sign Up to Join the Scoreboard
Show All
Scores
Hide
Comments
May contain spoilers
Recently Published
Image Sorting: Flags VI
by Barbecue
Geography
2m
Find the 'City' Movie
by crazypaving
Movies
60s
Colored Red Africa Blitz
by spor1
Geography
45s
More to Explore
Quiz From the Vault
Featured Blog Post
14 Easter Pick-up Lines to Find Eggs With
hide this ad
You Might Also Like...
Tags
NHL Quiz
2009-2010
team
Today's Top Quizzes in Sports
Browse Sports
hide this ad
Today's Top Quizzes in NHL
Browse NHL
Top Contributed Quizzes in Sports
1
Les meilleurs buteurs des matchs entre le PSG et l’OM
2
Les entraîneurs de l'OM et du PSG au 21e siècle
3
Les joueurs passés par le PSG et l'OM
4
2022 World Cup Stars
5
Players with Multiple 50 Home Run Seasons
6
Criteria MLB: Left Handed Sluggers
7
Les joueurs passés par le LOSC et le RC Lens
8
NBA Logic Puzzle 2.0
9
MLB Players with Two .350 Batting Average Seasons
10
FIFA Club World Cup Champions
Explore More
Trending Topics
Crossword
Disney
Anime
Harry Potter
Marvel
NBA
Kpop
The Office
WWE
NFL
Puzzle
Pokémon
Song
Soccer
Country
hide this ad
More By:
DeBak
Quiz
Plays
Rating
Category
Featured
Created
Top 100 NHL Players 2009-2010
289
5.00
Sports
Jan 26, 2011
2009-2010 NHL Team Rankings
75
1.80
Sports
Jan 30, 2011
Go to Creator's Profile
Score Distribution
Quiz Creator Spotlight
DeBak
Follow
Send a Message
Quizzes Created
-
Created Quiz Play Count
-
More By This Creator
Popular Quizzes Today
1
Colored Red Africa Blitz
2
Find the US States - No Outlines Minefield
3
Find the 'City' Movie
4
5x2 Blitz: Bands
5
The Countries of the World
6
Find the US States
7
Find the Countries of Europe - No Outlines Minefield
8
US States
More Sports Quizzes
Colts Stat Leaders Since 2000
Quiz Lab
Trending Quizzes
Colored Red Europe Blitz I
Colored Red Europe Blitz II
Colored Red Africa Blitz II
Colored Red Europe Blitz III
Colored Red Africa Blitz III
Recently Updated
How Do You Spell That?
pecheneg
Godzilla Movies
pecheneg
Grab Bag: 4-10 Letters
pecheneg
2024 March Madness Bracket
pecheneg
Famous TV Couples
Peacemaker
Champions League XIs: Real Madrid
pecheneg
Largest US Cities 1790-2010
pecheneg
Rides in Walt Disney World
pecheneg
Most Oscar Losses (Acting)
pecheneg
Beyoncé Albums
pecheneg
Trending Topics
Harry Potter
Kpop
Marvel
Anime
Disney
Crossword
NBA
WWE
Pokémon
Soccer
NFL
Puzzle
The Office
Song
Country
Your Account Isn't Verified!
In order to create a playlist on Sporcle, you need to verify the email address you used during registration. Go to your
Sporcle Settings
to finish the process.
Report this User
Report this user for behavior that violates our
Community Guidelines
.
Details:
Send Report
Go to the Sporcle.com Mobile Site →
Comments